ARRUPE JESUIT UNIVERSITY

CORONAVIRUS -STOP THE SPREAD - CLEAN,DISINFECT,COVER

The major works / (Record no. 130902)

MARC details
000 -LEADER
fixed length control field 01050cam a2200301 a 4500
001 - CONTROL NUMBER
control field 12541333
003 - CONTROL NUMBER IDENTIFIER
control field ARRUPE
005 - DATE AND TIME OF LATEST TRANSACTION
control field 20211015111321.0
008 - FIXED-LENGTH DATA ELEMENTS--GENERAL INFORMATION
fixed length control field 010921s2001 enk b 001 0 eng
010 ## - LIBRARY OF CONGRESS CONTROL NUMBER
LC control number 2001276393
020 ## - INTERNATIONAL STANDARD BOOK NUMBER
International Standard Book Number 0192842838
040 ## - CATALOGING SOURCE
Original cataloging agency DLC
Transcribing agency DLC
Modifying agency DLC
043 ## - GEOGRAPHIC AREA CODE
Geographic area code e-ie---
050 00 - LIBRARY OF CONGRESS CALL NUMBER
Classification number PR5902
Item number .L37 2001
082 00 - DEWEY DECIMAL CLASSIFICATION NUMBER
Classification number 821/.8
Edition number 21
300 ## - PHYSICAL DESCRIPTION
Dimensions 20 cm.
100 1# - MAIN ENTRY--PERSONAL NAME
Personal name Yeats, W. B.
Fuller form of name (William Butler),
Dates associated with a name 1865-1939.
9 (RLIN) 50526
240 10 - UNIFORM TITLE
Uniform title <a href="Works.">Works.</a>
Form subheading Selections.
Date of a work 2001
245 14 - TITLE STATEMENT
Title The major works /
Statement of responsibility, etc W.B. Yeats ; edited with an introduction and notes by Edward Larrissy.
260 ## - PUBLICATION, DISTRIBUTION, ETC. (IMPRINT)
Place of publication, distribution, etc Oxford ;
-- New York :
Name of publisher, distributor, etc Oxford University Press,
Date of publication, distribution, etc 2001.
300 ## - PHYSICAL DESCRIPTION
Extent 572 p. ;
440 #0 - SERIES STATEMENT/ADDED ENTRY--TITLE
Title Oxford world's classics
9 (RLIN) 50527
504 ## - BIBLIOGRAPHY, ETC. NOTE
Bibliography, etc Includes bibliographical references (p. [558]-560) and index.
651 #0 - SUBJECT ADDED ENTRY--GEOGRAPHIC NAME
Geographic name Ireland
Form subdivision Literary collections.
9 (RLIN) 50528
700 1# - ADDED ENTRY--PERSONAL NAME
Personal name Larrissy, Edward.
9 (RLIN) 50529
906 ## - LOCAL DATA ELEMENT F, LDF (RLIN)
a 7
b cbc
c origcop
d 2
e ncip
f 20
g y-gencatlg
942 ## - ADDED ENTRY ELEMENTS (KOHA)
Source of classification or shelving scheme Library of Congress Classification
Koha item type Monograph ( Printed materials)
Holdings
Withdrawn status Lost status Source of classification or shelving scheme Damaged status Not for loan Collection code Home library Current library Shelving location Date acquired Total Checkouts Full call number Barcode Date last seen Price effective from Koha item type
    Library of Congress Classification     Main Collection ARRUPE LIBRARY ARRUPE LIBRARY Main Collection 15/10/2021   PR5902 .L37 2001 46600007191 15/10/2021 15/10/2021 Monograph ( Printed materials)

 

Arrupe Library. PO Box MP320 Mt Pleasant, Harare, Zimbabwe
263 242 745411|librarian@aju.ac.zw